| 000 | 00497nam a22001577a 4500 | ||
|---|---|---|---|
| 003 | OSt | ||
| 005 | 20221012182636.0 | ||
| 008 | 221012b |||||||| |||| 00| 0 eng d | ||
| 040 | _cBiblioteca Lado V | ||
| 082 |
_a730.924 _bN468n |
||
| 110 | _aNestor Zeledon Guzman, Esculturas | ||
| 245 | _aNestor Zeledon Guzman, Esculturas/ | ||
| 260 |
_aSan Jose, Costa Rica _bEditorial de la Universidad Nacional _c1992 |
||
| 300 |
_a40p. _c30x24cm |
||
| 942 |
_2ddc _c1 _h739.924 _iN468n _n0 |
||
| 999 |
_c2276 _d2276 |
||